2932-高砂市(兵庫県)の駅 - Statistics

General Stats
  • This quiz has been taken 14 times
  • The average score is 5 of 6
Answer Stats
Answer % Correct
宝殿
100%
曽根
92%
高砂
92%
山陽曽根
92%
荒井
75%
伊保
67%
No matching quizzes found
Score Distribution
Percent of People with Each Score
Percentile by Number Answered
Your Score History
You have not taken this quiz